000
00584nam a22001457a 4500
020
_a
9789351112136
082
_a
016.3011
100
_a
Javed shaikh
245
_a
Introduction to Mass Communication and Journalism
260
_a
New Delhi
_b
Random publications
_c
2015
300
_a
289p
942
_c
BK
999
_c
2736
_d
2736